00867 2200325 4500001002100000005001500021007000300036008004100039020002100080035002000101040001700121041000800138082000800146084001400154090002300168100002700191245003400218250001000252264004000262300003500302336002100337337003000358338002300388500003300411504003000444650001300474850001000487990002200497990002200519INLIS00000000000902220260511095958ta260511 0  a978-602-1220-1-6 a0010-1022000397 aSBPUPADbind0 aind a792 a792 NUR s a792 NUR s L 23 R 80 aNur Sahid ;ePengarang1 aSosiologi Teater /cNur Sahid acet.1 aYogyakarta :bISI Yogyakarta,c2017 av 194 hlm. :bilus. ;c15x23cm 2rdacontentateks 2rdamediaatanpa perantara 2rdacarrieravolume aProfile Penulis,1189-192 hlm abibiliografi, 175-179 hlm 4akesenian aPUPAD a30.261/BIDPK/2018 a30.262/B/DPK/2018